[Event "2012 PHCC Championships"]
[Site "?"]
[Date "2012.01.19"]
[Round "?"]
[White "Morabito, Matthew"]
[Black "Wingrove, William"]
[Result "1-0"]
[WhiteElo "1760"]
[BlackElo "1726"]
[Annotator "gregg,Alan"]
[PlyCount "133"]
[EventDate "2012.01.12"]
[EventType "tourn"]
[EventRounds "9"]

1. Nf3 c5 2. g3 Nc6 3. Bg2 g6 4. O-O Bg7 5. d3 d6 6. Re1 e5 7. Nc3 Nge7 8. Bg5 h6 9. Bxe7 Nxe7 10. a4 O-O 11. e4 Be6 12. a5 a6 13. Qd2 Kh7 14. Na4 Nc8 15. b4 Qd7 16. bxc5 dxc5 17. Nxc5 Qc6 18. Nxe6 Qxe6 19. Rab1 Nd6 20. Rb6 Rfd8 21. Qb4 Qd7 22. c4 f6 23. h4 Bf8 24. c5 Nb5 25. Rxf6 Qe7 26. Rb6 Rxd3 27. Qc4 Rd7 28. Bh3 Rc7 29. Re6 Qxc5 30. Qxc5 Rxc5 31. h5 Nd4 32. Nxd4 exd4 33. hxg6+ Kg7 34. Rb1 Rc7 35. Reb6 d3 36. Rxb7 Rxb7 37. Rxb7+ Kxg6 38. Rd7 Bb4 39. Rxd3 Bxa5 40. Rd6+ Kg7 41. Bf1 Bc3 42. Bxa6 Rb8 43. Rd5 Rb1+ 44. Kg2 Rb2 45. Rf5 Ra2 46. Bc4 Rc2 47. Bd5 Re2 48. g4 Bf6 49. Kf3 Rc2 50. e5 Bh4 51. Kg2 Rd2 52. e6 Bf6 53. Kf1 Rc2 54. Rf3 Rc5 55. Rd3 Rc2 56. Be4 Rc7 57. Kg2 Kf8 58. f4 Ke7 59. Bf5 Ra7 60. Kf3 Rc7 61. Rd7+ Rxd7 62. exd7 Kd8 63. Ke4 Bh4 64. Be6 Bf6 65. Kf5 Ke7 66. d8=Q+ Kxd8 67. Kxf6 1-0

[Event "2012 PHCC Championships"]
[Site "?"]
[Date "2012.01.19"]
[Round "?"]
[White "Nowiski, Adam"]
[Black "Ferguson, Gabe"]
[Result "1-0"]
[WhiteElo "500"]
[BlackElo "500"]
[Annotator "gregg,Alan"]
[PlyCount "97"]
[EventDate "2012.01.12"]
[EventType "tourn"]
[EventRounds "9"]

1. e4 e5 2. Nf3 Nc6 3. Nc3 Nf6 4. Bb5 Bb4 5. O-O a6 6. Bxc6 Bxc3 7. dxc3 bxc6 8. h3 O-O 9. Bg5 a5 10. Nxe5 Ba6 11. Re1 Qe7 12. Ng4 Qc5 13. Nxf6+ gxf6 14. Be3 Qe5 15. Bd4 Qe6 16. e5 d6 17. exf6 Qf5 18. c4 Qf4 19. Re7 Rfe8 20. Rxe8+ Rxe8 21. Qg4+ Qxg4 22. hxg4 Bxc4 23. b3 Be2 24. g5 Re4 25. Be3 h5 26. gxh6 c5 27. c4 a4 28. bxa4 Rxc4 29. a5 Ra4 30. Re1 Bd3 31. Rd1 Rxa2 32. Rxd3 Ra1+ 33. Kh2 Rxa5 34. Bg5 Ra4 35. Rb3 Rg4 36. Be3 Rg6 37. h7+ Kh8 38. Bd2 Rxf6 39. Bc3 Kg7 40. h8=Q+ Kg6 41. Bxf6 Kf5 42. Qh5+ Kxf6 43. Qe2 c4 44. Rh3 Kg5 45. Re3 d5 46. Re8 c3 47. Qf3 c2 48. Rg8+ Kh4 49. Qh3# 1-0

[Event "2012 World Open"]
[Site "Philadelphia, PA"]
[Date "2012.07.04"]
[Round "2"]
[White "Northrup, Cory"]
[Black "Jones, G. Avery"]
[Result "0-1"]
[WhiteElo "1546"]
[BlackElo "1484"]
[PlyCount "84"]
[EventDate "2012.07.04"]
[EventType "swiss"]
[EventRounds "9"]

1. e4 c6 2. d4 d5 3. Nc3 dxe4 4. Nxe4 Bf5 5. Ng3 Bg6 6. h4 h6 7. Be3 Nf6 8. Bd3 Bxd3 9. Qxd3 e6 10. O-O-O Qd5 11. c4 Qa5 12. Kb1 Na6 13. a3 Ng4 14. N1e2 Rd8 15. Qe4 Nf6 16. Qc2 Ng4 17. Rd2 Qb6 18. c5 Qc7 19. Bf4 Qc8 20. Nc3 Nc7 21. Nce4 Nd5 22. Nd6+ Bxd6 23. Bxd6 Ngf6 24. Re1 Ne7 25. Nf5 Nfd5 26. Bxe7 Nxe7 27. Nd6+ Rxd6 28. cxd6 Nd5 29. g3 O-O 30. Rde2 Qd7 31. Re4 Qxd6 32. Qc5 Qc7 33. Re5 b6 34. Qc2 Nf6 35. f3 Rc8 36. g4 Nd7 37. R5e3 Qg3 38. h5 Nf6 39. Rc3 Qxe1+ 40. Ka2 c5 41. b4 Nd5 42. Rb3 c4 0-1

[Event "2012 World Open"]
[Site "Philadelphia, PA"]
[Date "2012.04.08"]
[Round "8"]
[White "Walker, Robert"]
[Black "Jones, G. Avery"]
[Result "1-0"]
[WhiteElo "1421"]
[BlackElo "1484"]
[Annotator "Doe,John"]
[PlyCount "61"]
[EventDate "2012.04.08"]
[EventType "swiss"]
[EventRounds "9"]

1. e4 c6 2. d4 d5 3. e5 Bf5 4. Bd3 Bxd3 5. Qxd3 e6 6. f4 Ne7 7. Ne2 Nf5 8. O-O Qb6 9. g4 Ne7 10. f5 Nd7 11. Kh1 O-O-O 12. c3 Kb8 13. b4 Rc8 14. a4 Qd8 15. Nd2 h5 16. fxe6 fxe6 17. Nf4 Qe8 18. Nxh5 Rxh5 19. gxh5 Qxh5 20. Nf3 Nf5 21. Rg1 Be7 22. Bf4 Rh8 23. Rg2 Qh3 24. Qe2 g5 25. Nxg5 Bxg5 26. Rxg5 Nh4 27. Rg3 Qf5 28. Rf1 Qh7 29. Rfg1 Nf8 30. b5 cxb5 31. axb5 {Black lost on time!} 1-0

[Event "2013 August USCF Rated Mini-Swiss"]
[Site "Port Huron"]
[Date "2013.08.22"]
[Round "2"]
[White "Hartwig, Nathan"]
[Black "Bedy, Noel"]
[Result "1-0"]
[WhiteElo "1623"]
[BlackElo "1557"]
[PlyCount "77"]
[EventDate "2013.08.22"]
[EventType "swiss"]
[EventRounds "3"]

1. e4 d5 2. exd5 Qxd5 3. Nc3 Qd6 4. d4 Nf6 5. Nf3 g6 6. g3 Bg7 7. Bg2 Qa6 8. Bf4 c6 9. Qd2 Bg4 10. Ne5 Be6 11. Nd3 Nbd7 12. O-O Qa5 13. Nd5 Qxd2 14. Nc7+ Kd8 15. Nxe6+ fxe6 16. Bxd2 Ne8 17. Nf4 Nc7 18. c3 e5 19. dxe5 Nxe5 20. Rfd1 Ke8 21. Bf1 Nf3+ 22. Kg2 Nxd2 23. Rxd2 Rd8 24. Rxd8+ Kxd8 25. Rd1+ Ke8 26. Bc4 e5 27. Ne6 Nxe6 28. Bxe6 Ke7 29. Rd7+ Kxe6 30. Rxg7 b5 31. Rxa7 h5 32. Rg7 Kf5 33. Rc7 Rd8 34. Rxc6 Rd2 35. Rb6 Rxb2 36. a4 Ra2 37. axb5 e4 38. Kf1 Kg4 39. Rxg6+ 1-0

[Event "2013 August USCF Rated Mini-Swiss"]
[Site "Port Huron"]
[Date "2013.08.22"]
[Round "2"]
[White "Rutkofske, Lonnie"]
[Black "Wingrove, William"]
[Result "1-0"]
[WhiteElo "1813"]
[BlackElo "1687"]
[PlyCount "87"]
[EventDate "2013.08.22"]
[EventType "swiss"]
[EventRounds "3"]

1. f4 c5 2. b3 Nf6 3. Bb2 Nc6 4. Nf3 d6 5. e3 Bf5 6. Bb5 a6 7. Bxc6+ bxc6 8. O-O e6 9. Nc3 Be7 10. Ne2 h6 11. Ng3 Bg6 12. d3 O-O 13. Qd2 Qb6 14. Kh1 a5 15. e4 Nd7 16. a4 f6 17. Rae1 e5 18. Nh4 Bf7 19. Nhf5 Rfe8 20. fxe5 Nxe5 21. Nxg7 Kxg7 22. Nf5+ Kg8 23. Bxe5 Qd8 24. Nxe7+ Qxe7 25. Bxf6 Qf8 26. Re3 Kh7 27. Ref3 Qg8 28. Bc3 Rf8 29. h3 d5 30. exd5 cxd5 31. Bxa5 Ra7 32. Bb6 Rd7 33. Bxc5 Rc8 34. Be3 Rdc7 35. c4 dxc4 36. bxc4 Rd8 37. Bb6 Rdc8 38. Bxc7 Rxc7 39. a5 Rd7 40. Qe3 Bg6 41. Qe2 Qd8 42. Rf8 Bxd3 43. Qe5 Qc7 44. Rh8+ 1-0

[Event "2013 August USCF Rated Mini-Swiss"]
[Site "Port Huron"]
[Date "2013.09.06"]
[Round "3"]
[White "Bedy, Noel"]
[Black "Wingrove, William"]
[Result "1/2-1/2"]
[WhiteElo "1557"]
[BlackElo "1687"]
[PlyCount "66"]
[EventDate "2013.09.06"]
[EventType "swiss"]
[EventRounds "3"]

1. d4 Nf6 2. Nd2 d5 3. e3 g6 4. Ngf3 Bg7 5. b4 O-O 6. Bb2 Nbd7 7. Be2 Re8 8. c4 c6 9. O-O b6 10. a3 Bb7 11. cxd5 cxd5 12. Bb5 a6 13. Bd3 b5 14. Nb3 Nb6 15. Nc5 Bc8 16. Rc1 Bg4 17. h3 Bxf3 18. Qxf3 Nc4 19. Qe2 Ra7 20. a4 Nd7 21. axb5 axb5 22. Ra1 Rxa1 23. Rxa1 e5 24. Qc2 Ndb6 25. Bxc4 Nxc4 26. Bc3 exd4 27. Bxd4 Bxd4 28. exd4 Qe7 29. Qa2 Qe2 30. Kh2 Qb2 31. Qxb2 Nxb2 32. Ra5 Rb8 33. Nd7 Rd8 1/2-1/2

[Event "2013 August USCF Rated Mini-Swiss"]
[Site "Port Huron"]
[Date "2013.08.29"]
[Round "3"]
[White "Wilkinson, Stewart"]
[Black "Rutkofske, Lonnie"]
[Result "1-0"]
[WhiteElo "1849"]
[BlackElo "1813"]
[PlyCount "39"]
[EventDate "2013.08.29"]
[EventType "swiss"]
[EventRounds "3"]

1. e4 e6 2. d4 d5 3. Nd2 dxe4 4. Nxe4 Nf6 5. Nxf6+ Qxf6 6. Nf3 Qd8 7. Bd3 Be7 8. O-O Nd7 9. c3 O-O 10. Re1 b6 11. Qc2 g6 12. Bh6 Re8 13. Be4 Rb8 14. Rad1 Nf6 15. Bc6 Bd7 16. Ne5 Qc8 17. Bg5 Rd8 18. Nxd7 Rxd7 19. Bxd7 Qxd7 20. d5 1-0

[Event "2013 August USCF Rated Mini-Swiss "]
[Site "Port Huron"]
[Date "2013.08.15"]
[Round "1"]
[White "Rutkofske, Lonnie"]
[Black "Hartwig, Nathan"]
[Result "1/2-1/2"]
[WhiteElo "1813"]
[BlackElo "1623"]
[PlyCount "48"]
[EventDate "2013.08.15"]
[EventType "swiss"]
[EventRounds "3"]

1. c4 c5 2. Nc3 Nc6 3. g3 g6 4. Bg2 Bg7 5. d3 e5 6. e4 Nge7 7. Nge2 O-O 8. O-O d6 9. h3 Rb8 10. Be3 h6 11. Qd2 Kh7 12. f4 Nd4 13. Rab1 a5 14. Bf2 Bxh3 15. Bxd4 Bxg2 16. Kxg2 cxd4 17. Nd1 f5 18. Nf2 fxe4 19. dxe4 b5 20. cxb5 Rxb5 21. Rh1 d5 22. fxe5 dxe4 23. Qxd4 Qxd4 24. Nxd4 Rxe5 1/2-1/2

[Event "2013 August USCF Rated Mini-Swiss  "]
[Site "Port Huron"]
[Date "2013.08.15"]
[Round "1"]
[White "Wingrove, William"]
[Black "Wilkinson, Stewart"]
[Result "1-0"]
[WhiteElo "1687"]
[BlackElo "1849"]
[PlyCount "59"]
[EventDate "2013.08.15"]
[EventType "swiss"]
[EventRounds "3"]

1. e4 e6 2. d4 d5 3. Nc3 Bb4 4. e5 Ne7 5. a3 Bxc3+ 6. bxc3 b6 7. a4 Ba6 8. Bxa6 Nxa6 9. Qd3 Nb8 10. f4 Nbc6 11. Nf3 Na5 12. O-O Nc4 13. Nd2 Nxd2 14. Bxd2 O-O 15. Rf3 f5 16. Be1 Nc6 17. Rh3 Na5 18. Bh4 Qd7 19. Qg3 Kh8 20. Bg5 Qf7 21. Qh4 g6 22. Bf6+ Kg8 23. Rg3 Nc4 24. Qg5 Nd2 25. Re1 Ne4 26. Rxe4 dxe4 27. h4 Rfe8 28. h5 Rac8 29. hxg6 hxg6 30. Qh6 1-0

[Event "2013 MCA M/E/Class"]
[Site "Lansing, MI"]
[Date "2013.01.19"]
[Round "2"]
[White "Rutkofske, Lonnie"]
[Black "Triplett, Thomas"]
[Result "0-1"]
[WhiteElo "1816"]
[BlackElo "1865"]
[PlyCount "97"]
[EventDate "2013.01.19"]
[EventType "tourn"]
[EventRounds "5"]

1. c4 Nf6 2. Nc3 e5 3. e4 c5 4. g3 d6 5. d3 Nc6 6. Bg2 Be7 7. Nge2 Bd7 8. Bg5 h6 9. Bxf6 Bxf6 10. Nd5 h5 11. Nec3 Nd4 12. h3 Bg5 13. O-O g6 14. f4 exf4 15. gxf4 Bh4 16. Ne2 Nxe2+ 17. Qxe2 O-O 18. Kh1 f5 19. Rg1 Kh7 20. Bf3 Kh6 21. Rg2 Be6 22. Rag1 Rg8 23. Ne3 Qf6 24. Rg5 Kh7 25. R5g2 Rae8 26. e5 dxe5 27. fxe5 Qxe5 28. Bxh5 Bf7 29. Nd5 Qxe2 30. Bxe2 Bxd5 31. cxd5 Re5 32. Bf3 b6 33. d6 g5 34. d7 Rd8 35. Bc6 a6 36. a4 Re3 37. Rxg5 Bxg5 38. Rxg5 Rxh3+ 39. Kg2 Rh6 40. Bf3 Rg6 41. Rxg6 Kxg6 42. Bc6 Kf6 43. Kf3 Ke5 44. Bb7 Rxd7 45. Bxa6 Rh7 46. b3 Rh3+ 47. Ke2 f4 48. Bb7 Re3+ 49. Kd2 0-1

[Event "2013 MCA M/E/Class"]
[Site "Lansing, MI"]
[Date "2013.01.20"]
[Round "4"]
[White "Bailey, Greg"]
[Black "Rutkofske, Lonnie"]
[Result "1-0"]
[WhiteElo "1948"]
[BlackElo "1825"]
[PlyCount "53"]
[EventDate "2013.01.20"]
[EventType "tourn"]
[EventRounds "5"]

1. f4 Nf6 2. Nf3 d5 3. b3 c5 4. Bb2 Nc6 5. e3 Ne4 6. d3 Nd6 7. Nbd2 Nf5 8. Kf2 Qc7 9. g3 f6 10. e4 dxe4 11. dxe4 Nh6 12. h3 Nf7 13. Nc4 Bd7 14. Ne3 e6 15. c4 O-O-O 16. Qe2 Be7 17. Bg2 Rhg8 18. Nd5 Qa5 19. Nxe7+ Nxe7 20. e5 f5 21. h4 Nh6 22. Rhd1 Ng4+ 23. Kg1 Bc6 24. Rd6 Be4 25. Ng5 Bxg2 26. Kxg2 Rxd6 27. exd6 1-0

[Event "2013 MCA M/E/Class"]
[Site "Lansing,MI"]
[Date "2013.01.20"]
[Round "5"]
[White "Rutkofske, Lonnie"]
[Black "Skidmore, Michael"]
[Result "1-0"]
[WhiteElo "1825"]
[BlackElo "1800"]
[PlyCount "49"]
[EventDate "2013.01.02"]
[EventType "swiss"]
[EventRounds "5"]

1. c4 e5 2. Nc3 f5 3. d4 e4 4. g4 d6 5. gxf5 Bxf5 6. Bf4 Nd7 7. Bg2 Ngf6 8. e3 Nb6 9. Nge2 Qd7 10. Qb3 Be7 11. O-O-O a5 12. Ng3 a4 13. Qb5 c6 14. Qxf5 Qc7 15. c5 Nc4 16. Qe6 Nd5 17. Nxd5 cxd5 18. Nf5 Qd7 19. Nxg7+ Kd8 20. Qxd7+ Kxd7 21. Bh3+ Kc7 22. Nf5 Bf8 23. Rhg1 Kc6 24. cxd6 Nxd6 25. Be5 1-0

[Event "2013 MI M/E/Class"]
[Site "Lansing, MI"]
[Date "2013.01.19"]
[Round "1"]
[White "Webster, Kyle"]
[Black "Rutkofske, Lonnie"]
[Result "0-1"]
[WhiteElo "1937"]
[BlackElo "1825"]
[PlyCount "182"]
[EventDate "2013.01.19"]
[EventType "swiss"]
[EventRounds "5"]

1. e4 e6 2. d4 d5 3. e5 Bd7 4. f4 c5 5. c3 Nc6 6. Nf3 cxd4 7. cxd4 Qb6 8. a3 Nh6 9. b4 Nf5 10. Bb2 Ne3 11. Qd3 Nxf1 12. Rxf1 Na5 13. Nc3 Nc4 14. Bc1 Qa6 15. Rb1 Rc8 16. Rb3 b5 17. Ke2 Be7 18. f5 Qc6 19. fxe6 Qxe6 20. h3 O-O 21. Ng5 Bxg5 22. Bxg5 f6 23. Bf4 fxe5 24. dxe5 Nxe5 25. Qxd5 Ng6+ 26. Be3 Rfe8 27. Kd2 Rcd8 28. Bg5 Bc6 29. Qxd8 Rxd8+ 30. Bxd8 Qd7+ 31. Kc2 Qxd8 32. Rd1 Qf8 33. g4 h6 34. Nd5 Ne7 35. Ne3 Be4+ 36. Kc1 Qc8+ 37. Kb2 Qe6 38. Rc3 Qe5 39. Rd8+ Kh7 40. Re8 Bg6 41. Rf8 Nd5 42. Nxd5 Qxd5 43. Rf2 Qd4 44. Rff3 Qd1 45. Rf5 Bxf5 46. gxf5 Qd4 47. Kc2 Qf2+ 48. Kb3 Qxf5 49. Re3 Qd5+ 50. Kc3 Qc4+ 51. Kd2 h5 52. Rc3 Qd4+ 53. Rd3 Qb2+ 54. Ke3 Qe5+ 55. Kf2 Kh6 56. Rf3 g6 57. Kg2 Qe4 58. Kf2 h4 59. Re3 Qf4+ 60. Ke2 Kh5 61. Rf3 Qc1 62. Re3 Qc2+ 63. Kf3 Qc7 64. Ke4 a5 65. bxa5 Qxa5 66. Kf4 Qa4+ 67. Kf3 Qd4 68. Ke2 Kg5 69. Rf3 Qc4+ 70. Ke3 Qc3+ 71. Ke4 Qe1+ 72. Re3 Qd2 73. Kf3 Kf5 74. Re8 Qd5+ 75. Kf2 Qa2+ 76. Kg1 Qxa3 77. Kg2 Qg3+ 78. Kh1 Qxh3+ 79. Kg1 Qg3+ 80. Kh1 Qf3+ 81. Kg1 Qg4+ 82. Kh2 b4 83. Re7 h3 84. Rf7+ Kg5 85. Rf2 b3 86. Kh1 Qe4+ 87. Kh2 Qe5+ 88. Kh1 b2 89. Rf1 Qe4+ 90. Rf3 Qxf3+ 91. Kh2 Qg2# 0-1

[Event "2013 PHCC Championships"]
[Site "Port Huron"]
[Date "2013.01.17"]
[Round "1"]
[White "Wilkinson, Stewart"]
[Black "Allen, Nathan"]
[Result "1-0"]
[WhiteElo "1865"]
[BlackElo "900"]
[PlyCount "36"]
[EventDate "2013.01.17"]
[EventType "tourn"]
[EventRounds "15"]

1. Nc3 e6 2. Nf3 d5 3. d4 c5 4. e4 cxd4 5. Nxd4 Bb4 6. Bb5+ Bd7 7. Bf1 dxe4 8. a3 Bxc3+ 9. bxc3 Nf6 10. f3 e5 11. Nb3 O-O 12. Qd6 Bc6 13. Qxe5 Re8 14. Qa5 exf3+ 15. Kf2 Ne4+ 16. Kxf3 Qf6+ 17. Ke3 Nf2+ 18. Kd2 Qf4# 1-0

[Event "2013 PHCC Championships"]
[Site "St. Clair, MI"]
[Date "2013.04.17"]
[Round "2"]
[White "Broyles, Thomas"]
[Black "Boucher, David"]
[Result "1-0"]
[WhiteElo "1736"]
[BlackElo "1439"]
[PlyCount "71"]
[EventDate "2013.04.17"]
[EventType "tourn"]
[EventRounds "15"]

1. e4 e6 2. d4 d5 3. e5 c5 4. c3 Nc6 5. Nf3 Qb6 6. Bd3 cxd4 7. cxd4 Bd7 8. Be2 Nh6 9. Bxh6 Qxb2 10. Bxg7 Bxg7 11. Nbd2 Nxd4 12. Nxd4 Qxd4 13. Nf3 Qc3+ 14. Kf1 Rc8 15. g3 Bxe5 16. Nxe5 Qxe5 17. Rb1 Bc6 18. Qb3 a6 19. Bf3 Bb5+ 20. Kg2 Rc3 21. Qd1 Ke7 22. Re1 Qd6 23. Qd4 Rcc8 24. Bxd5 Bc6 25. Qh4+ f6 26. Bxc6 Qxc6+ 27. Kg1 b5 28. Qh6 Rcg8 29. Rbc1 Qb7 30. Qf4 Rc8 31. Rcd1 Qb6 32. Qh6 Rcg8 33. Qd2 h5 34. Qd7+ Kf8 35. Rxe6 Rg7 36. Re8# 1-0

[Event "2013 PHCC Championships"]
[Site "Port Huron, MI"]
[Date "2013.03.21"]
[Round "2"]
[White "Fiedler, Robert"]
[Black "Jones, G. Avery"]
[Result "0-1"]
[WhiteElo "1688"]
[BlackElo "1554"]
[PlyCount "100"]
[EventDate "2013.03.21"]
[EventType "tourn"]
[EventRounds "15"]

1. d4 d5 2. c4 c6 3. c5 Nf6 4. Nc3 g6 5. Nf3 Bg7 6. b4 O-O 7. Ne5 Nbd7 8. Nxd7 Bxd7 9. e3 Bf5 10. Bd3 Ne4 11. Nxe4 dxe4 12. Bc2 Qd7 13. h3 Qd5 14. Bb3 Qd7 15. f3 Rad8 16. O-O exf3 17. Qxf3 Be6 18. Qd1 Bd5 19. Bxd5 Qxd5 20. Bb2 Qc4 21. a3 e5 22. Rc1 Qa2 23. Rf2 exd4 24. e4 Qe6 25. Qd3 Bh6 26. Rd1 Be3 27. Rdf1 Rd7 28. Kh1 Bxf2 29. Rxf2 Rfd8 30. Rd2 Qf6 31. Qg3 Qf1+ 32. Kh2 Qf6 33. Rf2 Qe7 34. Qf4 Re8 35. Re2 Qe5 36. g3 Qxf4 37. gxf4 d3 38. Rd2 Rxe4 39. Bc3 Re2+ 40. Kg3 Rxd2 41. Bxd2 Re7 42. Kf3 f5 43. h4 Kf7 44. Bc3 Re4 45. Bd2 Ke6 46. Be3 h5 47. Kf2 Kd5 48. Kf3 Kc4 49. Bd2 Kb3 50. b5 Kc2 0-1

[Event "2013 PHCC Championships"]
[Site "Port Huron, MI"]
[Date "2013.01.24"]
[Round "2"]
[White "Gregg, Alan"]
[Black "Allen, Nathan"]
[Result "1-0"]
[WhiteElo "1950"]
[BlackElo "900"]
[PlyCount "99"]
[EventDate "2013.01.24"]
[EventType "tourn"]
[EventRounds "15"]

1. b3 Nf6 2. Nf3 g6 3. Bb2 Bg7 4. e4 O-O 5. d3 d5 6. e5 Ng4 7. h3 Nxe5 8. Bxe5 Bxe5 9. Nxe5 Qd6 10. Nf3 Qf6 11. Nbd2 Nc6 12. Be2 e5 13. O-O h5 14. c4 d4 15. Ne4 Qf4 16. Qd2 Qxd2 17. Nexd2 a5 18. a3 Re8 19. Ne4 Rb8 20. Nf6+ Kf8 21. Nxe8 Kxe8 22. Rfe1 b5 23. Nxe5 Nxe5 24. Bf1 f6 25. f4 Be6 26. fxe5 fxe5 27. Rxe5 Ke7 28. Rae1 Rb6 29. cxb5 Kf6 30. Rxe6+ Rxe6 31. Rxe6+ Kxe6 32. g3 Kd5 33. Bg2+ Kc5 34. Bc6 g5 35. Kf2 Kd6 36. Kf3 Ke5 37. Be8 h4 38. gxh4 gxh4 39. Kg4 Kf6 40. Kxh4 Kf5 41. Kg3 Kg5 42. h4+ Kh6 43. Kf4 Kg7 44. h5 Kf8 45. h6 Kxe8 46. h7 Kd7 47. Ke4 c5 48. h8=Q Kc7 49. Kd5 Kb6 50. Qb8# 1-0

[Event "2013 PHCC Championships"]
[Site "Port Huron, MI"]
[Date "2013.02.28"]
[Round "2"]
[White "Morabito, Matthew"]
[Black "Kulkarni, Atul"]
[Result "1-0"]
[WhiteElo "1689"]
[BlackElo "1548"]
[PlyCount "47"]
[EventDate "2013.02.28"]
[EventType "tourn"]
[EventRounds "15"]

1. Nf3 d6 2. g3 e5 3. d3 Nc6 4. Bg2 h6 5. Nc3 Be6 6. O-O Nf6 7. a4 a6 8. d4 e4 9. d5 exf3 10. Bxf3 Bh3 11. dxc6 Bxf1 12. cxb7 Rb8 13. Qxf1 d5 14. e3 Qd6 15. e4 dxe4 16. Nxe4 Nxe4 17. Bxe4 Be7 18. Bf4 Qb6 19. Qc4 Bd6 20. Bc6+ Kd8 21. Rd1 Ke7 22. Qe4+ Kf8 23. Rxd6 Rxb7 24. Qe8# 1-0

[Event "2013 PHCC Championships"]
[Site "Port Huron, MI"]
[Date "2013.02.14"]
[Round "2"]
[White "Nowiski, Adam"]
[Black "Kulkarni, Atharva"]
[Result "1-0"]
[WhiteElo "900"]
[BlackElo "900"]
[PlyCount "51"]
[EventDate "2013.04.18"]
[EventType "tourn"]
[EventRounds "15"]

1. e4 e5 2. Nf3 Nf6 3. Bc4 Bc5 4. O-O d5 5. exd5 O-O 6. Nxe5 Nbd7 7. Nxd7 Bxd7 8. Nc3 Re8 9. Re1 Bg4 10. Be2 Nxd5 11. Nxd5 Qxd5 12. Bxg4 f5 13. Bf3 Qd6 14. Bxb7 Rad8 15. b3 Bd4 16. c3 Bb6 17. g3 Rb8 18. Bf3 a5 19. d4 g5 20. Bxg5 Qg6 21. Bf4 h5 22. Bxh5 Qxh5 23. Qxh5 Rxe1+ 24. Rxe1 c5 25. Re7 cxd4 26. Qf7+ 1-0

[Event "2013 PHCC Championships"]
[Site "Port Huron, MI"]
[Date "2013.01.24"]
[Round "2"]
[White "Wingrove, William"]
[Black "Bedy, Noel"]
[Result "1/2-1/2"]
[WhiteElo "1664"]
[BlackElo "1618"]
[PlyCount "68"]
[EventDate "2013.01.24"]
[EventType "tourn"]
[EventRounds "15"]

1. e4 d5 2. exd5 Qxd5 3. Nc3 Qd6 4. d4 Nf6 5. Nf3 a6 6. h3 b5 7. Bd3 Bb7 8. O-O e6 9. Re1 Be7 10. Qe2 Nbd7 11. Ne4 Nxe4 12. Bxe4 Bxe4 13. Qxe4 O-O 14. Bf4 Qb6 15. Bg5 Bxg5 16. Nxg5 Nf6 17. Qd3 Rfd8 18. Rad1 h6 19. Ne4 Nxe4 20. Qxe4 Rd5 21. a3 a5 22. Re3 Rad8 23. c3 c5 24. Red3 cxd4 25. Rxd4 Rxd4 26. Rxd4 Rxd4 27. Qxd4 Qxd4 28. cxd4 Kf8 29. f4 Ke7 30. Kf2 Kd6 31. Ke3 Kd5 32. Kd3 f6 33. g4 g5 34. fxg5 fxg5 1/2-1/2

[Event "2013 PHCC Championships"]
[Site "Port Huron, MI"]
[Date "2013.04.20"]
[Round "3"]
[White "Bedy, Noel"]
[Black "Fiedler, Robert"]
[Result "1/2-1/2"]
[WhiteElo "1618"]
[BlackElo "1688"]
[PlyCount "49"]
[EventDate "2013.04.20"]
[EventType "tourn"]
[EventRounds "15"]

1. e4 c5 2. d4 cxd4 3. c3 dxc3 4. Nxc3 a6 5. Bc4 e6 6. Nf3 Nc6 7. O-O d6 8. Qe2 b5 9. Bb3 h6 10. Rd1 Bd7 11. Bf4 e5 12. Be3 Nf6 13. a3 Be7 14. Bd5 O-O 15. Bxc6 Bxc6 16. Nxe5 Bxe4 17. Nxe4 Nxe4 18. Bxh6 Nxf2 19. Qxf2 gxh6 20. Nc6 Qc7 21. Nxe7+ Qxe7 22. Qf4 Qg5 23. Qxg5+ hxg5 24. Rxd6 Rfd8 25. Rad1 1/2-1/2

[Event "2013 PHCC Championships"]
[Site "Port Huron , MI"]
[Date "2013.01.31"]
[Round "3"]
[White "Boucher, David"]
[Black "Rutkofske, Lonnie"]
[Result "0-1"]
[WhiteElo "1439"]
[BlackElo "1858"]
[PlyCount "94"]
[EventDate "2013.01.31"]
[EventType "tourn"]
[EventRounds "15"]

1. e4 d6 2. d4 Nf6 3. Nc3 g6 4. h3 Bg7 5. Nf3 O-O 6. Bc4 c6 7. O-O b5 8. Bd3 Na6 9. e5 Ne8 10. Ne2 Nb4 11. Be4 d5 12. Bd3 Nc7 13. c3 Nxd3 14. Qxd3 a5 15. Bd2 Bf5 16. Qe3 Qc8 17. Ng3 Bd7 18. Rfe1 Ra6 19. a3 Na8 20. Bc1 Nb6 21. Nd2 Qc7 22. Nb3 Na4 23. Re2 Ra7 24. Rb1 Qc8 25. Nd2 Rc7 26. b3 Nb6 27. b4 axb4 28. axb4 Ra7 29. Nb3 Qc7 30. Nc5 Rfa8 31. Nxd7 Qxd7 32. Nf1 Qf5 33. Nd2 Nc4 34. g4 Qc2 35. Nxc4 Qxb1 36. Na5 Rc8 37. f3 Qa1 38. Rb2 c5 39. dxc5 Bxe5 40. Kg2 Bg7 41. g5 e6 42. f4 Rd7 43. Nb3 Qa8 44. Qe2 d4+ 45. Kg1 dxc3 46. Rc2 Qd5 47. Kh2 Qxb3 0-1